Statistics for Random Asian Flag Map to Country

Click here to take the quiz!

General Stats

  • This quiz has been taken 35 times
    (29 since last reset)
  • The average score is 39 of 42

Answer Stats

Answer% Correct
Russia
100%
Armenia
97%
Azerbaijan
97%
Bahrain
97%
Cyprus
97%
Georgia
97%
Iran
97%
Iraq
97%
Israel
97%
Jordan
97%
Lebanon
97%
Syria
97%
Bangladesh
93%
Bhutan
93%
Cambodia
93%
China
93%
India
93%
Indonesia
93%
Japan
93%
Kuwait
93%
Laos
93%
Mongolia
93%
Nepal
93%
Pakistan
93%
Qatar
93%
Saudi Arabia
93%
South Korea
93%
Sri Lanka
93%
Taiwan
93%
Thailand
93%
Turkey
93%
Brunei
90%
Malaysia
90%
Myanmar
90%
North Korea
90%
Oman
90%
Philippines
90%
Singapore
90%
United Arab Emirates
90%
Vietnam
90%
Yemen
90%
East Timor
86%

Score Distribution

Percentile by Number Answered

Percent of People with Each Score

Your Score History

You have not taken this quiz since the last reset